Bolívar / (Record no. 93452)
[ view plain ]
| 000 -CABECERA | |
|---|---|
| campo de control de longitud fija | 00680cam a22002294a 4500 |
| 003 - IDENTIFICADOR DEL NÚMERO DE CONTROL | |
| campo de control | UPN |
| 005 - FECHA Y HORA DE LA ÚLTIMA TRANSACCIÓN | |
| campo de control | 20240911064536.0 |
| 008 - ELEMENTOS DE LONGITUD FIJA--INFORMACIÓN GENERAL | |
| campo de control de longitud fija | 021203s1943 mx r 000 0bspa d |
| 035 ## - NÚMERO DE CONTROL DEL SISTEMA | |
| Número de control de sistema | UPN01000121162 |
| 040 ## - FUENTE DE LA CATALOGACIÓN | |
| Centro catalogador/agencia de origen | UPN |
| Lengua de catalogación | spa |
| Centro/agencia transcriptor | UPN |
| 049 ## - COLECCIÓN | |
| Colección | CG |
| 050 #4 - SIGNATURA TOPOGRÁFICA DE LA BIBLIOTECA DEL CONGRESO | |
| Número de clasificación | F2235.3 |
| Número de documento/Ítem | B6.2 |
| 100 1# - ASIENTO PRINCIPAL--NOMBRE PERSONAL | |
| Nombre de persona | Bolívar, Simón, |
| Fechas asociadas al nombre | 1783-1830 |
| 9 (RLIN) | 36819 |
| 245 10 - MENCIÓN DE TÍTULO | |
| Título | Bolívar / |
| Mención de responsabilidad, etc. | [Simón Bolívar] ; selec. y pról. de Francisco Monterde. |
| 260 ## - PUBLICACIÓN, DISTRIBUCIÓN, ETC. | |
| Lugar de publicación, distribución, etc. | México : |
| Nombre del editor, distribuidor, etc. | SEP, |
| Fecha de publicación, distribución, etc. | 1943. |
| 300 ## - DESCRIPCIÓN FÍSICA | |
| Extensión | xxx, 221 p. |
| 490 0# - MENCIÓN DE SERIE | |
| Mención de serie | El pensamiento de América ; |
| Designación de volumen o secuencia | 5 |
| 600 10 - ASIENTO SECUNDARIO DE MATERIA - NOMBRE PERSONAL | |
| Nombre de persona | Bolívar, Simón, |
| Fechas asociadas al nombre | 1783-1830 |
| 9 (RLIN) | 36819 |
| 700 1# - ASIENTO SECUNDARIO--NOMBRE DE PERSONAL | |
| Nombre de persona | Monterde, Francisco, |
| Fechas asociadas al nombre | 1894-1985 |
| Término indicativo de función/relación | comp. |
| 9 (RLIN) | 29349 |
| 905 ## - TIPO DE MATERIAL | |
| Tipo de material | Libro |
| 942 ## - ELEMENTOS DE PUNTO DE ACCESO ADICIONAL (KOHA) | |
| Fuente del sistema de clasificación o colocación | Library of Congress Classification |
| Tipo de ítem Koha | Libro |
| Estado de retiro | Estado de pérdida | Fuente del sistema de clasificación o colocación | Estado dañado | No para préstamo | Código de colección | Localización permanente | Ubicación/localización actual | Ubicación en estantería | Total de préstamos | Clasificación | Código de barras | Fecha visto por última vez | Número de copia | Tipo de ítem Koha |
|---|---|---|---|---|---|---|---|---|---|---|---|---|---|---|
| Library of Congress Classification | Colección General | Bib. Gregorio Torres Quintero | Bib. Gregorio Torres Quintero | Planta baja | 9 | F2235.3 B6.2 | 43253 | 31/12/2020 | 1 | Libro | ||||
| Library of Congress Classification | Colección General | Bib. Gregorio Torres Quintero | Bib. Gregorio Torres Quintero | Planta baja | 6 | F2235.3 B6.2 | 43254 | 31/12/2020 | 1 | Libro |
